Kỹ thuật chế biến các món ăn từ gà vịt

Đã lưu trong:
Bibliografiske detaljer
Hovedforfatter: Nguyễn, Trúc Chi
Format: Bog
Sprog:Undetermined
Udgivet: Thành phố Hồ Chí Minh Tổng hợp 2005
Fag:
Tags: Tilføj Tag
Ingen Tags, Vær først til at tagge denne postø!
Thư viện lưu trữ: Trung tâm Học liệu Trường Đại học Cần Thơ
LEADER 00564nam a2200193Ia 4500
001 CTU_74424
008 210402s9999 xx 000 0 und d
020 |c 24500 
082 |a 641.5 
082 |b Ch300 
100 |a Nguyễn, Trúc Chi 
245 0 |a Kỹ thuật chế biến các món ăn từ gà vịt 
245 0 |c Nguyễn Trúc Chi 
260 |a Thành phố Hồ Chí Minh 
260 |b Tổng hợp 
260 |c 2005 
650 |a Cookery 
904 |i Tuyến 
980 |a Trung tâm Học liệu Trường Đại học Cần Thơ